000 00725nam a2200265 i 4500
001 C2-0249248
003 PPAK
005 20180727213309.0
008 030429s2001 nyua|||| ||||| | eng d
020 _a007213108X
040 _aPPAK
_beng
_cPPAK
_erda
082 0 4 _a005.72
_223
090 0 0 _a005.72
_bFUL
_dR
100 1 _aFuller, Robert,
_eauthor
245 1 0 _aDreamweaver 4 :
_bvirtual classroom
264 1 _aNew York :
_bOsborne ,
_c2001
300 _axxxi, 350 pages :
_billustrations ;
_c26 cm +
336 _2rdacontent
_atext
337 _2rdamedia
_aunmediated
338 _2rdacarrier
_avolume
500 _aIncludes index
650 1 0 _aDreamweaver (Computer file)
700 _eauthor
942 _ddc
_cB
999 _c62797
_d62797